000 00870nam a22002177a 4500
999 _c7761
_d7761
003 AR-CdUCM
008 190321b ||||| |||| 00| 0 spa d
040 _aMUNICIPALIDAD PROVINCIAL DEL CUSCO
_cBIBLIOTECA MUNICIPAL DEL CUSCO
082 _a659.2 /
_bOR74
100 _aOrtiz Castillo, Felix
_910597
245 _aRelaciones Publicas :
_bEn el contexto de la comunicación /
260 _aCusco :
_bUniversidad Nacional de San Antonio Abad del Cusco,
_c1990.
300 _a4 tomos ;
_bilustraciones, diagramas,
_c21 cm.
500 _aBibliografía al fin de los tomos.
505 _aContenido: t.1. Teoría -- t.2. Proceso - Aplicación -- t.3. Metodología y técnicas de investigación -- t.4. Planificación.
650 _aRelaciones Publicas
_921928
650 _aComunicación
_94985
650 _aPlanificación
_96254
942 _2ddc
_cLIBROS
945 _apjha